000 00523nam a2200169Ia 4500
008 090711s9999 xx 000 0 und d
082 _b61711
100 _aजाधव रा. ग.
245 _aSांदेरी िSाात्र्हार
260 _c1987
300 _a72
600 _aजाधव रा. ग.
630 _aSांदेरी िSाात्र्हार
700 _aजाधव रा. ग.
730 _aSांदेरी िSाात्र्हार
942 _cBOOK
999 _c308234
_d308234